Engine room simulator (Model Course 2.07) (Record no. 216)

000 -LEADER
fixed length control field 00463 a2200157 4500
008 - FIXED-LENGTH DATA ELEMENTS--GENERAL INFORMATION
fixed length control field 220330b ||||| |||| 00| 0 eng d
020 ## - INTERNATIONAL STANDARD BOOK NUMBER
International Standard Book Number 9789280116762
082 00 - DEWEY DECIMAL CLASSIFICATION NUMBER
Classification number 623.87
Item number I339
110 ## - MAIN ENTRY--CORPORATE NAME
9 (RLIN) 76
Corporate name or jurisdiction name as entry element International Maritime Organization
245 ## - TITLE STATEMENT
Title Engine room simulator (Model Course 2.07)
260 ## - PUBLICATION, DISTRIBUTION, ETC. (IMPRINT)
Place of publication, distribution, etc London:
Name of publisher, distributor, etc International Maritime Organization,
Date of publication, distribution, etc 2002.
300 ## - PHYSICAL DESCRIPTION
Extent v, 184 p,
490 0# - SERIES STATEMENT
Series statement Model Course;
Volume number/sequential designation 2.07
650 #0 - SUBJECT ADDED ENTRY--TOPICAL TERM
Topical term or geographic name as entry element Marine Engines
942 ## - ADDED ENTRY ELEMENTS (KOHA)
Source of classification or shelving scheme
Item type Books
Holdings
Withdrawn status Lost status Source of classification or shelving scheme Damaged status Not for loan Permanent location Current location Date acquired Source of acquisition Cost, normal purchase price Full call number Barcode Date last seen Cost, replacement price Koha item type
          IMU Kolkata IMU Kolkata 2019-09-16 Sterling Book House 4891.55 623.87 I339 13159 2019-09-16 5435.06 Books
          IMU Kolkata IMU Kolkata 2019-09-16 Sterling Book House 4891.55 623.87 I339 13160 2019-09-16 5435.06 Books
Designed and Maintained by IMU-KC Library, Kolkata Campus © Copyright All Rights Reserved

webs counters

Powered by Koha